University Home | Library Home | Institutional Repository

The little Data Book on External Debt (Record no. 114458)

MARC details
000 -LEADER
fixed length control field 00394cam a2200145 4500
008 - FIXED-LENGTH DATA ELEMENTS--GENERAL INFORMATION
fixed length control field 100625n 000 0 eng u
020 ## - INTERNATIONAL STANDARD BOOK NUMBER
International Standard Book Number 0821369695
035 ## - SYSTEM CONTROL NUMBER
System control number (Sirsi) a170224
050 ## - LIBRARY OF CONGRESS CALL NUMBER
Classification number WB HJ 8003 2007
245 ## - TITLE STATEMENT
Title The little Data Book on External Debt
260 ## - PUBLICATION, DISTRIBUTION, ETC.
Place of publication, distribution, etc. Washington DC
Name of publisher, distributor, etc. The World Book,
Date of publication, distribution, etc. 2007
300 ## - PHYSICAL DESCRIPTION
Extent vi,152p.
650 ## - SUBJECT ADDED ENTRY--TOPICAL TERM
Topical term or geographic name entry element External debt
710 ## - ADDED ENTRY--CORPORATE NAME
Corporate name or jurisdiction name as entry element The World Bank
Holdings
Withdrawn status Lost status Source of classification or shelving scheme Damaged status Not for loan Home library Current library Shelving location Total Checkouts Full call number Barcode Date last seen Copy number Price effective from Koha item type
    Library of Congress Classification     Main Library Main Library Special collections   WB HJ8003 LIT 2007 33729005101121 08/21/2019 1 08/21/2019 Book
© 2026 - The University of Zambia Library - Koha v25.11